00510nam a2200181 a 450000100060000000300090000600800410001502000150005604000280007108200190009910000150011824500290013326000360016230000110019865000530020965000420026265000240030412245CO-ViMGA141112s2004 ck r 000 u spa d a8428314829 aCO-ViMGAbspacCO-ViMGA04a371.39445 P1951 aPayne, A, 10aSoftware para profesores aMadrid, cEd. Paraninfo, c1986 a272 p.14aBASIC - LENGUAJE DE PROGRAMACION DE COMPUTADORES14aENSEÑANZA CON AYUDA DE COMPUTADORES14aPEDAGOGIA - SOFWARE